Terremotos en el trópico húmedo: la gestión de los desastres del Alto Mayo, Perú (1990 y 1991), Limón, Costa Rica (1991) y Atrato Medio, Colombia (1992) /
El documento presenta las conclusiones del libro sobre el análisis comparativo de la gestión de los desastres de Alto Mayo (Perú), Limón (Costa Rica) y Atrato Medio (Colombia) nos ilustra un conjunto de problemas y cuestiones que surgían en torno a las respuestas de una gran diversidad de actores (l...
Guardat en:
| Autor principal: | |
|---|---|
| Format: | Desconegut |
| Publicat: |
Bogotá:
LA RED. ITDG
|
| Matèries: | |
| Etiquetes: |
Afegir etiqueta
Sense etiquetes, Sigues el primer a etiquetar aquest registre!
|
MARC
| LEADER | 00000 a2200000 04500 | ||
|---|---|---|---|
| 001 | 9439 | ||
| 003 | |||
| 008 | 991231s d | ||
| 040 | |||
| 020 | |a [sin ISBN] | ||
| 022 | |a [sin ISBN] | ||
| 090 | |a 132704 | ||
| 100 | |a Maskrey, Andrew | ||
| 245 | |a Terremotos en el trópico húmedo: la gestión de los desastres del Alto Mayo, Perú (1990 y 1991), Limón, Costa Rica (1991) y Atrato Medio, Colombia (1992) / |c Andrew Maskrey | ||
| 260 | |a Bogotá: |b LA RED. ITDG | ||
| 300 | |a 328 p. | ||
| 520 | |a El documento presenta las conclusiones del libro sobre el análisis comparativo de la gestión de los desastres de Alto Mayo (Perú), Limón (Costa Rica) y Atrato Medio (Colombia) nos ilustra un conjunto de problemas y cuestiones que surgían en torno a las respuestas de una gran diversidad de actores (los organismos nacionales de prevención y atención de desastres, organizaciones bilaterales, multilaterales y humanitarias, organizaciones no gubernamentales, organizaciones sociales de base, gobiernos locales) a estos tres eventos sísmicos. En particular, el análisis ilustra el complejo entramado de relaciones que van tejiéndose entre estos actores -tanto en la fase de atención de las emergencias como en los procesos de recuperación y reconstrucción- frente a desastres ocurridos en regiones de América Latina, experimentando procesos acelerados de acumulación de vulnerabilidades. En detalle se presentan los siguientes temas: procesos de acumulación de vulnerabilidades, regiones vulnerables, desastres invisibles, los marcos institucionales para la gestión de los desastres, la gestión de los desastres como procesos políticos, visiones e imaginarios de la gestión de los desastres y hacia una nueva propuesta para la gestión de los desastres. HMBQ/HMBQ | ||
| 650 | |a DESASTRES NATURALES | ||
| 650 | |a TERREMOTOS | ||
| 650 | |a ASPECTOS SOCIALES | ||
| 650 | |a ASPECTOS POLITICOS | ||
| 650 | |a INSTITUCIONES GUBERNAMENTALES | ||
| 650 | |a ORGANIZACIONES NO GUBERNAMENTALES | ||
| 999 | |c 2620 |d 2620 | ||
